Previously on M*A*S*H Quiz Stats

 Plays Quiz not verified by Sporcle

Also try: 'Love' Songs
Challenge
Share
Tweet
Score 0/21 Timer 04:00
2 Plays Today
% Correct
Diane Chambers in Cheers
95.2%
Jack Tripper in Three's Company
93.4%
Starred in Ghost and Dirty Dancing
93.1%
Arnold on Happy Days
87.7%
Det. Sgt. Nick Yemana on Barney Miller
80.6%
Sam Fujiyama on Quincy M.E.
79.9%
Appeared in Young Frankenstein and later Mr. Mom and Tootsie
79.9%
Ike Turner in What's Love Got to Do with It
79.7%
Valene Ewing on Dallas and Knots Landing
79.1%
George Papadapolis in Webster
77.4%
Gabe's Wife on Welcome Back Kotter
77.3%
% Correct
Dr. Victor Ehrlich in St. Elsewhere
75.2%
Boss Hogg on The Dukes of Hazzard
61.6%
Ellie Graham in Runaway Bride
56.7%
Donald 'Boon' Schoenstein in Animal House
48.5%
Billie Newman in Lou Grant
48.2%
Pearl Gallagher on Diff'rent Strokes and Mrs Puff On SpongeBob
48.1%
Lt. Steven Hauk in Good Morning Vietnam
47.1%
Most famous as Angel on The Rockford Files
41.3%
Cletus in Dukes of Hazzard
38.3%
Lt Provenza on The Closer and Major Crimes
36.1%

You're not logged in!

Compare scores with friends on all Sporcle quizzes.
Join for Free
OR
Log In

You Might Also Like...

Show Comments

Extras

Top Quizzes Today


Score Distribution

Your Account Isn't Verified!

In order to create a playlist on Sporcle, you need to verify the email address you used during registration. Go to your Sporcle Settings to finish the process.

Report this User

Report this user for behavior that violates our Community Guidelines.

Details: